The art deco style in household objects architecture sculpture graphics jewelry
Guardat en:
| Autor principal: | |
|---|---|
| Format: | Llibre |
| Idioma: | anglès |
| Publicat: |
Nueva York
Dover
1972
|
| Col·lecció: | Dover books on art history
|
| Matèries: | |
| Etiquetes: |
Afegir etiqueta
Sense etiquetes, Sigues el primer a etiquetar aquest registre!
|
MARC
| LEADER | 00000nam a2200000 a 4500 | ||
|---|---|---|---|
| 001 | UCY2847 | ||
| 003 | CL-VaPUC | ||
| 008 | 941124e19720000US |||||||||||||||||eng|d | ||
| 082 | 0 | 4 | |a 709.04012 |b MEN |2 21 |
| 100 | |a Menten, Theodore |e autor |9 330994 | ||
| 245 | 1 | 4 | |a The art deco style in household objects architecture sculpture graphics jewelry |
| 300 | |a 182 p | ||
| 942 | |c BK | ||
| 945 | |d 19941124 00:00:00 |a mfernand | ||
| 260 | |a Nueva York |b Dover |c 1972 | ||
| 650 | 0 | |a Arte decorativo |9 330995 | |
| 650 | 0 | |a Escultura |9 265737 | |
| 583 | |a last modification |c 19941124 00:00:00 |k Rodrigo Vera | ||
| 490 | 0 | |a Dover books on art history | |
| 999 | |c 231146 |d 231144 | ||
| 952 | |0 0 |1 0 |4 0 |6 709_040120000000000_MEN_1972 |7 0 |8 A |9 233990 |a BIBARQ |b BIBARQ |d 2019-11-15 |i 3034968 |l 1 |o 709.04012 MEN 1972 |p 3034968 |r 2025-03-24 |s 2025-03-20 |w 2019-11-15 |y BK |k ARQ | ||